Геология ртутных месторождений и рудопроявлений Украины

ग्रंथसूची विवरण
निगमित लेखक: Академия наук Украинской ССР (АН УССР) Институт геохимии и физики минералов
अन्य लेखक: Скаржинский В. И. Всеволод Игоревич (редактор)
भाषा:रूसी
प्रकाशित: Киев, Наукова думка, 1975
विषय:
स्वरूप: पुस्तक
KOHA link:https://koha.lib.tpu.ru/cgi-bin/koha/opac-detail.pl?biblionumber=87987

MARC

LEADER 00000nam0a2200000 4500
001 87987
005 20231031102456.0
035 |a (RuTPU)RU\TPU\book\94466 
090 |a 87987 
100 |a 20051219d1975 k y0rusy50 ca 
101 0 |a rus 
102 |a UA 
105 |a a z 001zy 
200 1 |a Геология ртутных месторождений и рудопроявлений Украины  |f Академия наук Украинской ССР; Институт геохимии и физики минералов; под ред. В. И. Скаржинского 
210 |a Киев  |c Наукова думка  |d 1975 
215 |a 286 с.  |c ил. 
320 |a Библиогр.: с. 277-283 
610 1 |a геология 
610 1 |a ртутные месторождения 
610 1 |a Украина 
610 1 |a геологическое строение 
610 1 |a морфология 
610 1 |a околорудные изменения 
675 |a 553.499  |v 3 
702 1 |a Скаржинский  |b В. И.  |g Всеволод Игоревич  |4 340 
712 0 2 |a Академия наук Украинской ССР (АН УССР)  |b Институт геохимии и физики минералов  |2 stltpush  |3 (RuTPU)RU\TPU\col\13747 
801 1 |a RU  |b 63413507  |c 20051219  |g PSBO 
801 2 |a RU  |b 63413507  |c 20091228  |g PSBO 
942 |c BK